00000000nam##2200000za#4500
0019.519536
003CaOODSP
00520200327031613
007ta
008150406|1992||||xxc|||||     f|0| 0 eng|d
020 |a0-660-57091-2
022 |a0706-148X
040 |aCaOODSP|beng
041 |aeng
041 |afre
043 |an-cn---
0861 |aS52-2/211-1992
1101 |aCanada.|bSecretary of State of Canada. |bTranslation Bureau.
24510|aVocabulary of cell engineering, Volume I: Cell structure / |cby Edgard Delvin and Gisèle Pham.
260 |aOttawa - Ontario : |bSecretary of State of Canada. |c1992.
300 |a315p. : |c22 cm.
4901 |aTerminology bulletin|x0706-148X|v211
500 |aJoint project of the Medical Research Council of Canada and the Department of the Secretary of State of Canada.
504 |aBibliography.
546 |aBilingual
563 |aSoftcover
590 |a92-17|b1992-04-24
69007|aBiotechnology|2gcpds
69007|aTerminology|2gcpds
7201 |aDelvin, Edgard
7201 |aPham, Gisèle
7760#|tVocabulaire du génie cellulaire. Volume I: structure cellulaire / |w(CaOODSP)9.590516
792 |tVocabulaire du génie cellulaire, Volume I: Structure cellulaire / |efre|w(CaOODSP)9.519537
830#0|aTerminology bulletin,|x0706-148X|v211|w(CaOODSP)9.509598